| 000 | 00000nam##2200000za#4500 |
| 001 | 9.572871 |
| 003 | CaOODSP |
| 005 | 20210927150257 |
| 007 | cr ||||||||||| |
| 008 | 150406|1997||||xxc|||||o f|0| 0 eng|d |
| 040 | |aCaOODSP|beng |
| 043 | |an-cn--- |
| 086 | 1 |aR34-6/2-1997E-PDF |
| 110 | 1 |aCanada. |bIndian and Northern Affairs Canada. |
| 245 | 10|aFirst Nations people of Canada : |h[electronic resource]|bCanadian fast facts |
| 260 | |aOttawa - Ontario : |bIndian and Northern Affairs |c1997. |
| 300 | |a5p.|billus. |
| 490 | 1 |aInformation |
| 500 | |a"Activities for Grades 5-6"--p.4 of 5. |
| 590 | |a12-09-Supp|b2012-03-21 |
| 690 | 07|aIndigenous peoples|2gcpds |
| 690 | 07|aToponymy|2gcpds |
| 775 | 08|tLes membres des Premières nations du Canada : |w(CaOODSP)9.603121 |
| 776 | 0#|tFirst Nations people of Canada |w(CaOODSP)9.614242 |
| 830 | #0|aInformation.|w(CaOODSP)9.504486 |
| 856 | 40|ahttp://publications.gc.ca|qPDF|s165 KB|uhttps://publications.gc.ca/collections/Collection/R34-6-2-1997E.pdf |
| 986 | |aQS-6120-002-EE-A1 |